| 000 | 00499nam a22001577a 4500 | ||
|---|---|---|---|
| 003 | SISC | ||
| 005 | 20160929162539.0 | ||
| 008 | 160929b xxu||||| |||| 00| 0 eng d | ||
| 020 | _a9781682852675 | ||
| 050 |
_aQA 76.585 _b.N476 2016 |
||
| 245 |
_aNetworking, models and methods of cloud computing / _cedited by Michelle Vine. |
||
| 260 |
_aNew York : _bWillford Press, _c2016. |
||
| 300 |
_a264 pages : _billustrations ; _c27 cm. |
||
| 500 | _aIncludes bibliographical references. | ||
| 942 |
_2lcc _cBK |
||
| 999 |
_c305141 _d305141 |
||